000 00829nam a2200253 a 4500
001 83993
003 BD-RjUL
005 20240915125151.0
008 240915s19481951enk 000 0 eng
035 _a(BD-RjUL)83993
040 _aDLC
_cDLC
_dDLC
_dBD-RjUL
_beng
041 _aeng
082 0 0 _a799.294231
_bJEG 1951
100 1 _aJefferies, Richard,
_d1848-1887.
_912909
245 1 4 _aThe gamekeeper at home ; the amateur poacher /
_cRichard Jefferies ; with an introd. by Richard S. Fitter.
260 _aOxford ;
_aNew York :
_bOxford University Press,
_c1948, 1951
300 _axiv, 352 p. ;
_c20 cm.
490 0 _aOxford paperbacks
650 0 _aHunting
_zEngland.
_913504
650 0 _aPoaching
_zEngland.
_913505
650 0 _aCountry life
_zEngland.
_913506
650 0 _aGamekeepers
_zEngland.
_913507
942 _2ddc
_cBK
999 _c83993
_d83993